| 000 | 00329nam a2200133 a 4500 | ||
|---|---|---|---|
| 001 | 4007 | ||
| 003 | CDMR | ||
| 005 | 20130116135251.0 | ||
| 008 | 130130s1992||||||||||||||||||||||||||||d | ||
| 040 |
_aCDMR _bcat _cCDMR |
||
| 245 | 0 |
_aAnuario 1991 _bII. De los temas 1991 |
|
| 260 |
_aBarcelona _c1992 _bDifusora Internacional |
||
| 942 | _cMON | ||
| 999 |
_c4007 _d4007 |
||